Využitie a dôležitosť riadenia rizika v slovenských a zahraničných priemyselných podnikoch

Nevyhnutnosť riadenia rizika v slovenských a zahraničných priemyselných podnikoch. Vplyv rizík na prosperitu firmy.

Salvato in:
Dettagli Bibliografici
Autore principale: Kubovič, Marek
Altri autori: Sakál, Peter
Natura: Capitolo di libro
Lingua:slovacco
Soggetti:
Tags: Aggiungi Tag
Nessun Tag, puoi essere il primo ad aggiungerne!!

MARC

LEADER 00000naa a2200000 4500
001 0141850
005 20231013084718.5
041 0 |a slo 
044 |a SK 
245 1 0 |a Využitie a dôležitosť riadenia rizika v slovenských a zahraničných priemyselných podnikoch  |c Marek Kubovič, Peter Sakál 
520 |a Nevyhnutnosť riadenia rizika v slovenských a zahraničných priemyselných podnikoch. Vplyv rizík na prosperitu firmy. 
610 2 0 |a podnik priemyselný 
610 2 0 |a Slovensko 
610 2 0 |a riadenie podnikové 
610 2 0 |a riadenie rizík 
610 2 0 |a risk management 
100 1 |a Kubovič, Marek 
700 1 |a Sakál, Peter